Tareekh Ibn-e-Khaldoon (Vol 7-8) (Record no. 7941)
[ view plain ]
| 000 -LEADER | |
|---|---|
| fixed length control field | 00344 a2200133 4500 |
| 082 ## - DEWEY DECIMAL CLASSIFICATION NUMBER | |
| Classification number | 297.09 |
| 090 ## - LOCALLY ASSIGNED LC-TYPE CALL NUMBER (OCLC); LOCAL CALL NUMBER (RLIN) | |
| -- | 4044 |
| -- | 4044 |
| 100 ## - MAIN ENTRY--PERSONAL NAME | |
| Personal name | Ibn-e-Khuldoon |
| 245 ## - TITLE STATEMENT | |
| Title | Tareekh Ibn-e-Khaldoon (Vol 7-8) |
| Statement of responsibility, etc. | Ibn-e-Khuldoon |
| 260 ## - PUBLICATION, DISTRIBUTION, ETC. | |
| Place of publication, distribution, etc. | Karach: |
| Name of publisher, distributor, etc. | Nafees Academy, |
| Date of publication, distribution, etc. | 1990. |
| 300 ## - PHYSICAL DESCRIPTION | |
| Extent | 453 p. ; |
| Dimensions | 24 cm. |
| 650 ## - SUBJECT ADDED ENTRY--TOPICAL TERM | |
| Topical term or geographic name entry element | Islam--History. |
| 942 ## - ADDED ENTRY ELEMENTS (KOHA) | |
| Koha item type | Book |
| Call number prefix | 297.09 IBN |
| Withdrawn status | Lost status | Source of classification or shelving scheme | Damaged status | Not for loan | Permanent Location | Current Location | Shelving location | Date acquired | Source of acquisition | Cost, normal purchase price | Full call number | Barcode | Date last seen | Price effective from | Koha item type |
|---|---|---|---|---|---|---|---|---|---|---|---|---|---|---|---|
| NUST Law School (NLS) | NUST Law School (NLS) | General Stacks | 02/06/2003 | Book Field | 350.62 | 297.09 IBN | SEECS003079 | 04/03/2024 | 01/05/2017 | Book |
